• 首页
  • 本馆介绍
  • 公告通知
  • 最新文献
  • 馆藏检索
  • 电子资源
  • 读者导购
  • 参考咨询
  • 我的图书馆
  • 登录
  • 详细信息显示
  • 放入我的书架
  • 预约/预借图书
  • 作者相关作品
  • 分类相关作品
  • 丛书相关作品
  • 出版社相关作品

书目信息

  • 表格格式
  • 工作单格式
  • 卡片格式
题名:
论社会主义生产中的经济效果
    
 
作者: 于光远 著
分册:  
出版信息: 北京   人民出版社  1984
页数: 297页
开本: 19cm
丛书名:
单 册:
中图分类: F045.4 , F04
科图分类:
主题词: 社会主义生产-经济效果 , 经济效果-社会主义生产 , 社会主义社会--生产方式
电子资源:
ISBN:
000 00797nam0 2200289 45
001 0184013477
005 20040421085652.9
010    @dCNY0.83
091    @a4001.344
100    @a19950524d1984 em y0chiy0121 ea
101 0  @achi
102    @aCN@b110000
105    @ay z 000yy
106    @ar
200 10 @a论社会主义生产中的经济效果@Alun she hui zhu yi sheng chan zhong de jing ji xiao guo@f于光远著
205    @a2版(增订本)
210    @a北京@c人民出版社@d1984
215    @a297页@d19cm
606    @a社会主义生产-经济效果
606    @a经济效果-社会主义生产
606 0  @a社会主义社会@x生产方式
690    @aF045.4@v3
690    @aF04
701  0 @a于光远@Ayu guang yuan@4著
801  0 @aCN@b上海图书馆@c20040421
801  2 @aCN@bNLC@c20040421
905    @f2@b171678-679@dF04@e69
    
    论社会主义生产中的经济效果/于光远著.-2版(增订本).-北京:人民出版社,1984
    297页;19cm
    
    
    ISBN :CNY0.83
    
●
相关链接 在E读中查询图书 在五车中查询图书 在当当中查询图书 在豆瓣中查询图书


正题名:论社会主义生产中的经济效果     索取号:F04/69         预约/预借

序号 登录号 条形码 馆藏地/架位号 状态 备注
1 0171678   000192703   密集书库/ [索取号:F04/69] 在馆    
2 0171679   000192712   第一借阅区/ [索取号:F04/69] 在馆    
3 0171680   000192696   第一样本阅览室/ [索取号:F04/69] 在馆    
唐山师范学院图书馆 欢迎您!
大连网信软件有限公司© 版权所有